000 00531 a2200181 4500
003 OSt
005 20231211131755.0
008 231211b |||||||| |||| 00| 0 eng d
020 _a9789356432895
040 _coclc704.9489
082 _a704.9489
_bSAS/A
100 _aShashibhushan, M G
_99558
245 _aALEKHANANGALILE KERALACHARITHRAM /
_cDr. M G Sashibhushan
250 _a4th ed.
260 _bD C books,
_c2023.
300 _a232p.,
_b21cm
942 _2ddc
_cBK
_h704.9489
_iSAS/A
_k704.9489
_mSAS/A
999 _c44156
_d44156